Anteproyecto de vivienda unifamiliar con enfoque bioclimático para el municipio de Diriamba - Carazo
Presenta la propuesta de una vivienda unifamiliar con enfoque bioclimático tomando en cuenta las condiciones climáticas aprovechando los recursos disponibles sol, vegetación, lluvia y viento para disminuir los impactos ambientales intentando reducir el consumo de energía.
| Main Author: | |
|---|---|
| Other Authors: | |
| Format: | Tesis Section = Libro |
| Language: | Undetermined Spanish |
| Published: |
Managua
UNI
2013
|
| Subjects: |
| LEADER | 01028nam a2200229Ia 4500 | ||
|---|---|---|---|
| 008 | 240830s9999 xx 000 0 und d | ||
| 040 | |a BIBLIOTECA-RUSB/ T.Mon 720.47 G984 | ||
| 041 | |a spa | ||
| 082 | |a T.Mon 720.47 G984 | ||
| 100 | 1 | |a Gutiérrez Baltodano, Ramón Antonio | |
| 245 | 1 | 0 | |a Anteproyecto de vivienda unifamiliar con enfoque bioclimático para el municipio de Diriamba - Carazo |
| 260 | |a Managua |b UNI |c 2013 | ||
| 300 | |a 97 p. :il. | ||
| 502 | |a Tesis (Arquitecto) - UNI, 2013. | ||
| 520 | 3 | |a Presenta la propuesta de una vivienda unifamiliar con enfoque bioclimático tomando en cuenta las condiciones climáticas aprovechando los recursos disponibles sol, vegetación, lluvia y viento para disminuir los impactos ambientales intentando reducir el consumo de energía. | |
| 650 | 7 | |a ARQUITECTURA BIOCLIMATICA | |
| 650 | 7 | |b CONSTRUCCIÓN DE VIVIENDAS | |
| 650 | 7 | |c ARQUITECTURA - DISEÑOS Y PLANOS | |
| 700 | 1 | |a Tutor: |b Castillo Vanegas, Ingrid María | |
| 942 | |c BK |2 ddc | ||
| 991 | |a TESIS | ||
| 999 | |c 22041 | ||